000 004460000a22001690004500
003 MACL
005 20160112124538.0
008 160112b xxu||||| |||| 00| 0 eng d
040 _aMACL
_cMACL
041 _aEnglish
082 _a926/BOW
100 _aTemple, Sir Richard Carnac
_930088
245 _aThe Papers of Thomas Bowrey 1669-1713
260 _bThe Hakluyt Society
_c1927
_aLondon
650 _aTravel
_931163
942 _cBK
_k926/BOW
_2ddc
999 _c37026
_d37026